| 000 | 01511cab a2200193 4500 | ||
|---|---|---|---|
| 001 | ABS41688 | ||
| 008 | 090401t1989 xxu||||| |||| 00| 0 eng d | ||
| 035 | _a(Sirsi) u31728 | ||
| 041 | _aeng | ||
| 245 | _aR v Dairy Produce Quota Tribunal for England and Wales , ex parte Caswell | ||
| 260 | _c1989 | ||
| 350 | _a0 | ||
| 490 |
_aWeekly Law Reports _v(1989) 1 WLR 1089-1100(11) |
||
| 520 | _aCA 26 May 1989 Application for judicial review of a decision of the tribunal. The applicants were A R and E E Caswell (C), partners in a dairy farming enterprise in Wales. C challenged the tribunal`s decision limiting the quantity of their claim under the exceptional hardship provisions in the Dairy Produce Quotas Regulations 1984 . The tribunal had dismissed the claim in 1985, but C took no steps to challenge the decision until 1987 when they applied for and obtained ex parte leave to move for judicial review. C conceded before QBD that there had been undue delay but they resisted an assertion by MAFF on the tribunal`s behalf that since there had been a number of unsuccessful applications to which the same provisions applied, the grant of relief would be detrimental to good administration . QBD held that tribunal were wrong in their construction of the regulations, but, accepting the ministry`s evidence, declined to grant relief. On appeal, CA upheld QBD decision. | ||
| 650 | _aMILK QUOTAS | ||
| 690 | _aMANAGEMENT-BUSINESS MANAGEMENT-INFORMATION MANAGEMENT | ||
| 942 | _n0 | ||
| 948 | _c04/03/1997 | ||
| 999 |
_c21298 _d21298 |
||